CASES IN FINANCIAL MANAGEMENT (Record no. 477273)

MARC details
000 -LEADER
fixed length control field 00505nam a2200193Ia 4500
008 - FIXED-LENGTH DATA ELEMENTS--GENERAL INFORMATION
fixed length control field 100315s9999 xx 000 0 und d
020 ## - INTERNATIONAL STANDARD BOOK NUMBER
International Standard Book Number 0-07-460290-X 
082 ## - DEWEY DECIMAL CLASSIFICATION NUMBER
Item number 2538 
Classification number 658.15 
100 ## - MAIN ENTRY--PERSONAL NAME
Personal name "PANDEY, I. M. BHAT, RAMESH "
245 ## - TITLE STATEMENT
Title CASES IN FINANCIAL MANAGEMENT
260 ## - PUBLICATION, DISTRIBUTION, ETC. (IMPRINT)
Date of publication, distribution, etc
300 ## - PHYSICAL DESCRIPTION
Extent 373P 
365 ## - TRADE PRICE
Price note Aus.Sch. 
Unit of pricing
Price amount 0.00 
366 ## - TRADE AVAILABILITY INFORMATION
Publishers' discount category
530 ## - ADDITIONAL PHYSICAL FORM AVAILABLE NOTE
Availability source -  
630 ## - SUBJECT ADDED ENTRY--UNIFORM TITLE
Uniform title CASES IN FINANCIAL MANAGEMENT
730 ## - ADDED ENTRY--UNIFORM TITLE
Uniform title CASES IN FINANCIAL MANAGEMENT
942 ## - ADDED ENTRY ELEMENTS (KOHA)
Koha item type Book
Holdings
Withdrawn status Lost status Damaged status Not for loan Home library Current library Date acquired Cost, normal purchase price Total Checkouts Full call number Barcode Date last seen Price effective from Koha item type
        Dr. V. N. Bedekar Institute of Management Studies Library Dr. V. N. Bedekar Institute of Management Studies Library 03/19/2010 0.00   658.15 /PAN/BHA  2538  VPMBRIMS-2538  03/19/2010 03/19/2010 Book